00851nam a2200253Ia 4500008004100000020001800041050001600059050001400075100002500089245004200114245007000156250001600226260001800242260002600260260000900286300001600295300002000311300001100331500002000342650004200362650005300404999001900457952012100476160319s9999 xx 000 0 und d a971-574-059-6 aFIL PE 1065 b.V55 2002 aVillanueva, Perla M. aEnglish skills for college freshmen / cPerla M. Villanueva, Dolores C. Acurantes, Angelita P. Makalinao. a3rd Edition aQuezon City : bKatha Pub. Co., Inc., c2002 a312 pages : billustrations ; c25 cm. aIncludes index. aEnglish language -- Ability testing.  xEnglish language -- Study and teaching (Higher). c291779d291779 001040aSMCbSMCcFILd2011-03-07g220.00l0oFIL PE 1065 .V55 2002pSMC02644r2016-03-19 00:00:00w2016-03-19yBK